000 00409pam a2200157a 44500
008 230515b2007 xxu||||| |||| 00| 0 eng d
020 _a1405162082
041 _aENGLISH
082 _a611
100 _aELLIS HAROLD
245 _aCLINICAL ANATOMY APPLIED ANATOMY FOR STUDENTS AND JR.DOCTORS 11TH ED.
250 _a11TH
260 _aUSA
_bBLACKWELL PUBLISHING
_c2007
300 _a439
650 _aANATOMY
999 _c430698
_d430698